| Tag |
First Indicator |
Second Indicator |
Subfields |
| LEADER |
00000cam a2200000 4500 |
| 001 |
in00000043332 |
| 005 |
20151007072756.0 |
| 008 |
771209s1939 caua b 00010 eng |
| 010 |
|
|
|a 39030514
|
| 035 |
|
|
|a (OCoLC)03477605
|
| 035 |
|
|
|9 AAE8530AM
|
| 040 |
|
|
|a DLC
|c HDC
|d HDC
|d CHS
|d TXA
|d UtOrBLW
|
| 049 |
|
|
|a TXAM
|c [122603]
|
| 050 |
0 |
0 |
|a QK484.C2
|b M3
|
| 082 |
0 |
|
|a 582.1709794
|
| 092 |
|
|
|a 582.17
|b M167i
|
| 100 |
1 |
|
|a McMinn, Howard,
|d 1891-
|
| 245 |
1 |
3 |
|a An illustrated manual of California shrubs /
|c by Howard E. McMinn; with a chapter on the use of the California shrubs in the garden design by Fred H. Schumacher.
|
| 264 |
|
1 |
|a San Francisco :
|b J. W. Stacey, inc.,
|c 1939.
|
| 300 |
|
|
|a xi, 689 pages including color frontispiece, illustrations ;
|c 24 cm.
|
| 336 |
|
|
|a text
|b txt
|2 rdacontent
|
| 337 |
|
|
|a unmediated
|b n
|2 rdamedia
|
| 338 |
|
|
|a volume
|b nc
|2 rdacarrier
|
| 504 |
|
|
|a Bibliography: pages 643-647.
|
| 650 |
|
0 |
|a Shrubs
|z California.
|
| 700 |
1 |
|
|a Schumacher, Fred Haws.
|
| 999 |
|
|
|a MARS
|
| 999 |
f |
f |
|s 03a5a87b-3aa9-37e1-87c5-295247debf89
|i cad594e8-38a1-33b2-81c9-d5d1d5fb8f00
|t 0
|
| 952 |
f |
f |
|p ric
|a Texas A&M University
|b Rellis Campus
|c Joint Library Facility
|d Remote Storage
|t 0
|e QK484.C2 M3
|h Library of Congress classification
|i unmediated -- volume
|m A14800995820
|
| 998 |
f |
f |
|a QK484.C2 M3
|t 0
|l Remote Storage
|